000 00725nam a2200289Ia 4500
005 20260324140409.0
008 008 260324s9999 xx 000 0 eng d
020 _a9780429453526
037 _aEBOOK
040 _aCRL
040 _beng
040 _cCRL
041 _2eng
041 _aeng
084 _qCRL
100 _aNina Fishman; Alan Campbell; John Mcllroy
_91204236
245 0 _aBritish Trade Unions and Industrial Politics
245 4 _bThe Post-war Compromise, 1945-1964
260 _bTaylor and Francis
260 _c1999
365 _a
365 _b205
856 _uhttp://www.taylorfrancis.com/books/9780429453526
942 _cEBOOK
999 _c1806278
_d1806278